| 000 | 00853 a2200217 4500 | ||
|---|---|---|---|
| 001 | 13122 | ||
| 005 | 20260407155441.0 | ||
| 008 | 260407a1998 arg spa d | ||
| 003 | AR-UNSa-BCEJYS | ||
| 040 |
_aAR-UNSa-BCEJYS _bspa _cAR-UNSa-BCEJYS |
||
| 080 |
_a336.71 _xBancos. Sistema bancario |
||
| 245 | 1 | 0 | _aCentral banking in theory and practice |
| 020 | _a978-0-262-02439-6 | ||
| 264 | 1 |
_aCambridge : _bThe MIT Press _c1998 |
|
| 300 |
_axiv, 92 p. _c20 cm. |
||
| 505 | _a1. Targets, instruments and all that - 2. Choosing and using a monetary policy instrument - 3. Central bank independence | ||
| 942 | _cBK | ||
| 590 | _aniveau_biblio:m niveau_hierar:0 | ||
| 100 | 1 | _aBlinder, Alan S. | |
| 856 | 4 | 1 |
_uhttps://biblioeco.unsa.edu.ar/pmb/images/libros/Central banking in theory and practice Blinder, Alan S. (1998).jpg _yImagen de portada _qimage/jpeg |
| 999 |
_c508 _d508 |
||